000
00284nam a22001337a 4500
008
170927b xxu||||| |||| 00| 0 eng d
020
_a
0312787774
041
_a
eng
080
_a
37
100
_a
47
101
_a
EDU
245
_a
TECHNICAL WRITING
_c
MARKEL.,H
942
_2
udc
_c
BK
999
_c
30322
_d
30322